Statistics for Biggest Cities in Germanic Europe

Click here to take the quiz!

General Stats

  • This quiz has been taken 86 times
  • The average score is 36 of 50

Answer Stats

PopulationCountryAnswer% Correct
3,426,354GermanyBerlin
100%
7,556,900United KingdomLondon
99%
1,260,391GermanyMunich
99%
1,691,468AustriaVienna
99%
1,739,117GermanyHamburg
97%
1,515,017SwedenStockholm
96%
741,636NetherlandsAmsterdam
95%
1,019,022BelgiumBrussels
95%
1,153,615DenmarkCopenhagen
95%
984,333United KingdomBirmingham
91%
864,122United KingdomLiverpool
91%
395,515United KingdomManchester
91%
963,395GermanyCologne
90%
1,024,027IrelandDublin
90%
650,000GermanyFrankfurt am Main
90%
464,990United KingdomEdinburgh
87%
591,620United KingdomGlasgow
87%
580,000NorwayOslo
87%
598,199NetherlandsRotterdam
87%
486,854GermanyDresden
86%
573,057GermanyDüsseldorf
83%
455,123United KingdomLeeds
82%
593,085GermanyEssen
79%
515,140GermanyHanover
79%
504,971GermanyLeipzig
79%
499,237GermanyNuremberg
79%
589,793GermanyStuttgart
79%
572,799SwedenGothenburg
78%
474,292NetherlandsThe Hague
78%
459,805BelgiumAntwerp
77%
617,280United KingdomBristol
77%
447,287United KingdomCardiff
74%
685,368United KingdomSheffield
73%
341,730SwitzerlandZurich
73%
546,501GermanyBremen
71%
588,462GermanyDortmund
71%
729,977United KingdomNottingham
66%
508,916United KingdomLeicester
62%
313,125GermanyBonn
60%
359,262United KingdomCoventry
48%
504,358GermanyDuisburg
45%
314,018United KingdomKingston upon Hull
39%
360,797GermanyWuppertal
39%
372,775United KingdomStoke-on-Trent
34%
331,906GermanyBielefeld
31%
395,515GermanyBochum
27%
318,014United KingdomReading
25%
335,415United KingdomSunderland
23%
313,332United KingdomPreston
5%
411,422GermanyWandsbek
0%

Score Distribution

Percentile by Number Answered

Percent of People with Each Score

Your Score History

You have not taken this quiz